Central Library OPAC University of Rajshahi

The Indian Musalmans / (Record no. 32418)

MARC details
000 -LEADER
fixed length control field 00828nam a2200265 a 4500
001 - CONTROL NUMBER
control field 32418
003 - CONTROL NUMBER IDENTIFIER
rucl marc code BD-RjUL
005 - DATE AND TIME OF LATEST TRANSACTION
control field 20211209051831.0
008 - FIXED-LENGTH DATA ELEMENTS--GENERAL INFORMATION
fixed length control field 031030s1876 enk b 000 0 eng d
035 ## - SYSTEM CONTROL NUMBER
System control number (BD-RjUL)32507
040 ## - CATALOGING SOURCE
Original cataloging agency BD-RjUL
Language of cataloging eng
Transcribing agency BD-RjUL
Modifying agency BD-RjUL
041 ## - LANGUAGE CODE
Language code of text/sound track or separate title eng
082 ## - DEWEY DECIMAL CLASSIFICATION NUMBER
Edition number 23
Classification number 954.0088297
Author mark and year HUI 1876
100 1# - MAIN ENTRY--PERSONAL NAME
Personal name Hunter, William Wilson,
Dates associated with a name 1840-1900.
9 (RLIN) 223783
245 14 - TITLE STATEMENT
Title The Indian Musalmans /
Statement of responsibility, etc. by W.W. Hunter.
250 ## - EDITION STATEMENT
Edition statement 3rd ed.
260 ## - PUBLICATION, DISTRIBUTION, ETC. (IMPRINT)
Place of publication, distribution, etc. London :
Name of publisher, distributor, etc. Trübner and Co.,
Date of publication, distribution, etc. 1876.
300 ## - PHYSICAL DESCRIPTION
Pagination 219 p. ;
Size 24 cm.
504 ## - BIBLIOGRAPHY, ETC. NOTE
Bibliography, etc Includes bibliographical references.
650 #0 - SUBJECT ADDED ENTRY--TOPICAL TERM
Topical term or geographic name as entry element Muslims
Geographic subdivision India.
9 (RLIN) 223784
Topical term or geographic name as entry element British Occupation of India (1765-1947)
9 (RLIN) 223785
Topical term or geographic name as entry element Muslims
General subdivision Political activity
9 (RLIN) 223786
651 ## - SUBJECT ADDED ENTRY--GEOGRAPHIC NAME
Geographic name India
General subdivision Politics and government
9 (RLIN) 223787
942 ## - ADDED ENTRY ELEMENTS (KOHA)
Source of classification or shelving scheme Dewey Decimal Classification
Koha item type Rare Books
Holdings
Lost status Source of classification or shelving scheme Damaged status Not for loan Collection code Permanent Location Current Location Shelving location Date acquired Total Checkouts Full call number Date last seen Copy number Koha item type
  Dewey Decimal Classification   Not For Loan Rare Books Central Library, University of Rajshahi Central Library, University of Rajshahi Rare Book Section 14/10/2018   RA 954.0088297 HUI 1876 14/10/2018 C-1 Rare Books